Introducción a la biojurídica

Պահպանված է:
Մատենագիտական մանրամասներ
Հիմնական հեղինակ: Vila-Coro Barrachina, María Dolores (Հեղինակ)
Ձևաչափ: Գիրք
Լեզու:իսպաներեն
Հրապարակվել է: Madrid Universidad Complutense de Madrid 1995
Խորագրեր:
Ցուցիչներ: Ավելացրեք ցուցիչ
Չկան պիտակներ, Եղեք առաջինը, ով նշում է այս գրառումը!

MARC

LEADER 00000nam a2200000 a 4500
001 UCT9903
003 CL-VaPUC
008 970412e19950000SP |||||||||||||||||spa|d
082 0 4 |a 340.112  |b VIL  |2 21 
100 0 |a Vila-Coro Barrachina, María Dolores  |e author  |9 382995 
245 1 0 |a Introducción a la biojurídica 
300 |a 366 p 
942 |c BK 
945 |d 19970412 00:00:00  |a rleighto 
260 |a Madrid  |b Universidad Complutense de Madrid  |c 1995 
650 0 |a Vida humana  |9 334108 
650 0 |a Ontología   |9 256850 
650 0 |a Filogenia  |9 382996 
650 7 |a ONTOGENIA  |2 CL-VaPUC  |9 312026 
650 0 |a Derechos humanos  |9 223025 
650 0 |a Personalidad jurídica   |9 315329 
650 0 |a Derecho subjetivo  |9 256705 
650 0 |a Derecho a la vida  |9 337220 
650 0 |a Derecho positivo  |9 255911 
583 |a last modification  |c 19970412 00:00:00  |k Rodrigo Vera 
999 |c 258244  |d 258242 
952 |0 0  |1 0  |4 0  |6 340_112000000000000_VIL_1995  |7 0  |8 DER_TF  |9 282184  |a BIBDER  |b BIBDER  |d 2019-11-19  |i 3299287  |o 340.112 VIL 1995  |p 3299287  |r 2023-01-25  |w 2019-11-19  |x Ubicación 4to Piso  |y BK  |z Estos recursos deben solicitarse con anticipación  |k DER 
952 |0 0  |1 0  |4 0  |6 340_112000000000000_VIL_1995  |7 0  |8 A  |9 282185  |a BIBDER  |b BIBDER  |d 2019-11-19  |i 3306178  |o 340.112 VIL 1995  |p 3306178  |r 2023-01-25  |w 2019-11-19  |y BK  |k DER